Every Fortnite Named Location (Up to Chapter 7 Season 2) - Statistics

General Stats
  • This quiz has been taken 31 times
    5 since last reset
  • The average score is 79 of 232
Answer Stats
Season Named Locations % Correct
Chapter 1 Season 1 Pleasant Park
100%
Chapter 1 Season 1 Retail Row
100%
Chapter 1 Season 1 Anarchy Acres
67%
Chapter 2 Season 6 Colossal Crops
67%
Chapter 2 Season 3 Coral Castle
67%
Chapter 7 Season 2 Dark Dominion
67%
Chapter 1 Season 1 Dusty Depot
67%
Chapter 1 Season 4 Dusty Divot
67%
Chapter 1 Season 1 Fatal Fields
67%
Chapter 1 Season 1 Flush Factory
67%
Chapter 1 Season X Gotham City
67%
Chapter 1 Season 1 Greasy Grove
67%
Chapter 7 Season 1 Lethal Labs
67%
Chapter 1 Season 1 Loot Lake
67%
Chapter 1 Season 1 Moisty Mire
67%
Chapter 7 Season 2 New Sanctuary
67%
Chapter 6 Mini Season 1 Resistance Base
67%
Chapter 7 Season 1 Ripped Tides
67%
Chapter 1 Season 1 Salty Springs
67%
Chapter 7 Season 1 Sandy Strip
67%
Chapter 7 Season 2 Squibbly Shores
67%
Chapter 2 Season 1 Steamy Stacks
67%
Chapter 1 Season 1 Tomato Town
67%
Chapter 1 Season 1 Wailing Woods
67%
Chapter 7 Season 1 Wonkeeland
67%
Chapter 4 Season 1 Anvil Square
33%
Chapter 2 Season 6 Boney Burbs
33%
Chapter 5 Season 2 Brawlers Battleground
33%
Chapter 4 Season 1 Breakwater Bay
33%
Chapter 4 Season 1 Brutal Bastion
33%
Chapter 5 Season 3 Brutal Beachhead
33%
Chapter 6 Season 1 Brutal Boxcars
33%
Chapter 6 Season 4 Bugswatter Beach
33%
Chapter 7 Season 1 Bumpy Bay
33%
Chapter 6 Season 1 BURD
33%
Chapter 6 Mini Season 2 Burns Manor
33%
Chapter 3 Season 1 Camp Cuddle
33%
Chapter 6 Season 1 Canyon Crossing
33%
Chapter 7 Season 1 Cartmanland
33%
Chapter 5 Season 4 Castle Doom
33%
Chapter 2 Season 3 Catty Corner
33%
Chapter 3 Season 1 Chonkers Speedway
33%
Chapter 3 Season 4 Chrome Crossroads
33%
Chapter 3 Season 4 Chromejam Junction
33%
Chapter 7 Season 1 Classified Canyon
33%
Chapter 5 Season 1 Classy Courts
33%
Chapter 3 Season 4 Cloudy Condos
33%
Chapter 2 Season 5 Colossal Coliseum
33%
Chapter 3 Season 2 Command Cavern
33%
Chapter 3 Season 1 Condo Canyon
33%
Chapter 3 Season 1 Coney Crossroads
33%
Chapter 2 Season 7 Corny Complex
33%
Chapter 2 Season 8 Corny Crops
33%
Chapter 6 Mini Season 2 Corruption Corners
33%
Chapter 3 Season 1 Covert Cavern
33%
Chapter 2 Season 1 Craggy Cliffs
33%
Chapter 4 Season 3 Creeky Compound
33%
Chapter 6 Season 2 Crime City
33%
Chapter 6 Season 4 Demons Debris
33%
Chapter 6 Season 1 Demons Dojo
33%
Chapter 6 Season 3 Demons Domain
33%
Chapter 2 Season 1 Dirty Docks
33%
Chapter 6 Mini Season 2 Donut District
33%
Chapter 2 Season 4 Dooms Domain
33%
Chapter 5 Season 4 Doomstadt
33%
Chapter 6 Season 4 Dreamy Domain
33%
Chapter 6 Season 4 Dystopia City
33%
Chapter 4 Season 4 Eclipsed Estate
33%
Chapter 4 Season 1 Faulty Splits
33%
Chapter 5 Season 1 Fencing Fields
33%
Chapter 6 Mini Season 1 First Order Base
33%
Chapter 6 Season 1 Flooded Frogs
33%
Chapter 7 Season 1 Fore Fields
33%
Chapter 6 Season 1 Foxy Floodgate
33%
Chapter 5 Season 4 Freaky Fields
33%
Chapter 2 Season 1 Frenzy Farm
33%
Chapter 4 Season 1 Frenzy Fields
33%
Chapter 7 Season 2 Frigid Fortress
33%
Chapter 1 Season 7 Frosty Flights
33%
Chapter 6 Season 4 Gourdy Gate
33%
Chapter 5 Season 1 Grand Glacier
33%
Chapter 3 Season 4 Grim Gables
33%
Chapter 5 Season 2 Grim Gate
33%
Chapter 1 Season 7 Happy Hamlet
33%
Chapter 6 Season 4 Harmony Hills
33%
Chapter 1 Season 2 Haunted Hills
33%
Chapter 5 Season 1 Hazy Hillside
33%
Chapter 3 Season 4 Heralds Sanctum
33%
Chapter 2 Season 7 Holly Hatchery
33%
Chapter 2 Season 1 Holly Hedges
33%
Chapter 6 Season 1 Hopeful Heights
33%
Chapter 7 Season 1 Humble Hills
33%
Chapter 2 Season 5 Hunters Haven
33%
Chapter Remix Season Remix Ice Isle
33%
Chapter 1 Season 2 Junk Junction
33%
Chapter 6 Mini Season 2 Kamp Krusty
33%
Chapter 4 Season 2 Kenjutsu Crossing
33%
Chapter 4 Season 2 Knotty Nets
33%
Chapter 7 Season 1 Latte Landing
33%
Chapter 5 Season 1 Lavish Lair
33%
Chapter 1 Season 8 | Chapter 3 Season 3 Lazy Lagoon
33%
Chapter 2 Season 1 Lazy Lake
33%
Chapter 1 Season 5 Lazy Links
33%
Chapter 1 Season 6 Leaky Lake
33%
Chapter 3 Season 3 Logjam Junction
33%
Chapter 3 Season 1 Logjam Lumberyard
33%
Chapter 4 Season 1 Lonely Labs
33%
Chapter 6 Season 2 Lonewolf Lair
33%
Chapter 6 Season 1 Lost Lake
33%
Chapter 3 Season 4 Lustrous Lagoon
33%
Chapter 6 Season 1 Magic Mosses
33%
Chapter 6 Season 1 Masked Meadows
33%
Chapter 4 Season 2 MEGA City
33%
Chapter 1 Season 9 Mega Mall
33%
Chapter 2 Season 1 Misty Meadows
33%
Chapter 1 Season X Moisty Palms
33%
Chapter 5 Season 2 Mount Olympus
33%
Chapter 1 Season 9 Neo Tilted
33%
Chapter 6 Season 1 Nightshift Forest
33%
Chapter 6 Season 2 Outlaw Oasis
33%
Chapter 6 Mini Season 1 Outpost Enclave
33%
Chapter 6 Season 4 O.X.R HQ
33%
Chapter 7 Season 1 Painted Palms
33%
Chapter 1 Season 5 Paradise Palms
33%
Chapter 5 Season 1 Pleasant Piazza
33%
Chapter 1 Season 7 Polar Peak
33%
Chapter 1 Season 9 Pressure Plant
33%
Chapter 6 Season 1 Pumped Power
33%
Chapter 6 Season 4 Pumpkin Pass
33%
Chapter 6 Season 4 Rangers Rest
33%
Chapter 6 Season 4 Rangers Ruin
33%
Chapter 3 Season 3 Rave Cave
33%
Chapter 3 Season 3 Reality Falls
33%
Chapter 3 Season 4 Reality Tree
33%
Chapter 5 Season 1 Rebels Roost
33%
Chapter 5 Season 1 Reckless Railways
33%
Chapter 5 Season 3 Redline Rig
33%
Chapter 4 Season 4 Relentless Retreat
33%
Chapter 5 Season 2 Restored Reels
33%
Chapter 2 Season 3 Rickety Rig
33%
Chapter 1 Season 4 Risky Reels
33%
Chapter 5 Season 1 Ritzy Riviera
33%
Chapter 3 Season 1 Rocky Reels
33%
Chapter 5 Season 1 Ruined Reels
33%
Chapter 4 Season 3 Rumble Ruins
33%
Chapter 2 Season 5 Salty Towers
33%
Chapter 4 Season 4 Sanguine Suites
33%
Chapter 6 Season 1 Seaport City
33%
Chapter 4 Season 3 Shady Stilts
33%
Chapter 4 Season 1 Shattered Slabs
33%
Chapter 6 Season 1 Shattered Span
33%
Chapter 1 Season 2 Shifty Shafts
33%
Chapter 3 Season 4 Shimmering Shrine
33%
Chapter 6 Season 1 Shining Span
33%
Chapter 6 Season 2 Shiny Shafts
33%
Chapter 3 Season 4 Shiny Sound
33%
Chapter 6 Season 1 Shoguns Solitude
33%
Chapter 4 Season 1 Slappy Shores
33%
Chapter 3 Season 1 Sleepy Sound
33%
Chapter 2 Season 7 Sludgy Swamp
33%
Chapter 2 Season 1 Slurpy Swamp
33%
Chapter 1 Season 2 Snobby Shores
33%
Chapter 5 Season 1 Snooty Steppes
33%
Chapter Remix Season Remix Spaghetti Grotto
33%
Chapter 6 Mini Season 2 Springfield Nuclear Power Plant
33%
Chapter 6 Mini Season 2 Springfield Slurpworks
33%
Chapter 6 Mini Season 2 Springfield Town Square
33%
Chapter 2 Season 4 Stark Industries
33%
Chapter 1 Season X Starry Suburbs
33%
Chapter 2 Season 5 Stealthy Stronghold
33%
Chapter 4 Season 2 Steamy Springs
33%
Chapter 1 Season 8 Sunny Steps
33%
Chapter 6 Season 3 Supernova Academy
33%
Chapter 7 Season 1 Sus Studios
33%
Chapter 2 Season 1 Sweaty Sands
33%
Chapter 3 Season 2 Synapse Station
33%
Chapter 3 Season 4 Tainted Towers
33%
Chapter 2 Season 2 The Agency
33%
Chapter 2 Season 3 The Authority
33%
Chapter 1 Season 7 The Block
33%
Chapter 4 Season 1 The Citadel
33%
Chapter 3 Season 2 The Collider
33%
Chapter 2 Season 8 The Convergence
33%
Chapter 3 Season 1 The Daily Bugle
33%
Chapter Remix Season Remix The Doggpound
33%
Chapter 2 Season 3 The Fortilla
33%
Chapter 3 Season 2 The Fortress
33%
Chapter 2 Season 2 The Grotto
33%
Chapter 6 Season 4 The Hive
33%
Chapter 3 Season 1 The Joneses
33%
Chapter 2 Season 8 The Pyramid
33%
Chapter 5 Season 4 The Raft
33%
Chapter 2 Season 2 The Rig
33%
Chapter 2 Season 4 The Ruins
33%
Chapter 3 Season 1 The Sanctuary
33%
Chapter 2 Season 2 The Shark
33%
Chapter 2 Season 6 The Spire
33%
Chapter 5 Season 2 The Underworld
33%
Chapter 2 Season 2 The Yacht
33%
Chapter 1 Season X Tilted Town
33%
Chapter 7 Season 1 Tiptop Terrace
33%
Chapter 1 Season 5 Tomato Temple
33%
Chapter 6 Season 1 Twinkle Terrace
33%
Chapter 6 Season 3 Utopia City
33%
Chapter 6 Mini Season 1 Vader Samurais Solitude
33%
Chapter 6 Season 4 Viney Shafts
33%
Chapter 6 Season 1 Warriors Watch
33%
Chapter 2 Season 1 Weeping Woods
33%
Chapter 6 Season 1 Whiffy Wharf
33%
Chapter 7 Season 1 Battlewood Boulevard
0%
Chapter 2 Season 7 Believer Beach
0%
Chapter 5 Season 4 Brawlers Patch
0%
Chapter 7 Season 2 Buliders Barracks
0%
Chapter 7 Season 1 Clawsy Lodge
0%
Chapter 6 Mini Season 2 Cleetus Corn Hole
0%
Chapter 6 Season 4 Creepy Camps
0%
Chapter 5 Season 4 Dooms Courtyard
0%
Chapter 6 Mini Season 2 Evergreen Terrace
0%
Chapter 3 Season 4 Flutter Barn
0%
Chapter 3 Season 4 Fort Jonesy
0%
Chapter 7 Season 1 Innoloop Labs
0%
Chapter 6 Season 1 Kappa Kappa Factory
0%
Chapter 3 Season 3 Logjam Lotus
0%
Chapter 1 Season 1 Lone Lodge
0%
Chapter 1 Season 3 Lucky Landing
0%
Chapter 5 Season 3 Nitrodrome
0%
Chapter 5 Season 3 Sandy Steppes
0%
Chapter 5 Season 3 Shipwreck Shallows
0%
Chapter 3 Season 3 Shuffled Shrines
0%
Chapter 6 Season 4 Swarmy Stash
0%
Chapter 1 Season 2 Tilted Towers
0%
No matching quizzes found
Score Distribution
Percent of People with Each Score
Percentile by Number Answered
Your Score History
You have not taken this quiz since the last reset